00640cam a22002173a 45000010005000000030006000050050017000110080041000280400015000690420007000840500007000911000029000982450068001272600029001955060030002245160020002546530036002747000043003108300028003538560041003813685PGUSA20140828083037.0060413s2006||||xxu|||||s|||||000 | eng d aPGUSAbeng adc 4aDT1 aLoti, Pierre,d1850-192310aEgypt (La Mort de Philae)h[electronic resource] /cPierre Loti bProject Gutenberg,c2006 aPublic domain in the USA. aElectronic text aEgypt -- Description and travel1 aBaines, W. P.q(William Peter),d1878- 0aProject Gutenbergv368540uhttp://www.gutenberg.org/ebooks/3685